Kunst und Kunsttheorie 1400 - 1900 : [Vorträge, gehalten anläßlich des 22. Wolfenbütteler Symposions ("Kunstgeschichte von Vasari bis Winckelmann") vom 1. bis 5. Dezember 1987 und des 24. Wolfenbütteler Symposions ("Kunstgeschichte seit Winckelmann") vom 27. November bis 1. Dezember 1988 in der Herzog-August-Bibliothek Wolfenbüttel]
| Weitere Verfasser: | , , , , |
|---|---|
| Format: | Buch |
| Sprache: | German English Italian |
| Veröffentlicht: |
Wiesbaden : Harrassowitz,
1991
|
| Mit dem übergeordneten Werk verknüpfte Titel: | Wolfenbütteler Forschungen
48 |
| Zugriff auf das übergeordnete Werk: | Wolfenbütteler Forschungen |
| Schlagworte: | Kunst Ästhetik Kunstgeschichtsschreibung Renaissance Kunstwissenschaft Barock Kunstgeschichte, Kunsttheorie, Kunstkritik Kunstgeschichte Geschichte 1400-1900 |
| Umfang: | VIII, 462 Seiten |
| LEADER | 01000cam a2200265 c 4500 | ||
|---|---|---|---|
| 001 | 021154538 | ||
| 003 | DE-627 | ||
| 005 | 20260312155231.0 | ||
| 007 | tu | ||
| 008 | 911202s1991 gw ||||| 00| ||ger c | ||
| 010 | |a 92111120 | ||
| 016 | 7 | |a 910070768 |2 DE-101 | |
| 020 | |a 9783447031028 |q : brosch. |9 978-3-447-03102-8 | ||
| 020 | |a 3447031026 |q brosch. |9 3-447-03102-6 | ||
| 035 | |a (DE-627)021154538 | ||
| 035 | |a (DE-603)018553362 | ||
| 035 | |a (DE-576)026768011 | ||
| 035 | |a (DE-599)GBV021154538 | ||
| 035 | |a (OCoLC)25283154 | ||
| 035 | |a (OCoLC)311347300 | ||
| 040 | |a DE-627 |b ger |c DE-627 |e rakwb | ||
| 041 | |a ger |a eng |a ita | ||
| 044 | |c XA-DE-HE | ||
| 050 | 0 | |a N68 | |
| 082 | 0 | |a 701 | |
| 084 | |a 46 |2 sdnb | ||
| 084 | |a 9,10 |2 ssgn | ||
| 084 | |a LH 62000 |2 rvk |0 (DE-625)rvk/94235: | ||
| 084 | |a LH 61020 |2 rvk |0 (DE-625)rvk/94201: | ||
| 084 | |a AN 80960 |2 rvk |0 (DE-625)rvk/6704: | ||
| 084 | |a 20.06 |2 bkl | ||
| 084 | |a 20.01 |2 bkl | ||
| 084 | |a 20.00 |2 bkl | ||
| 245 | 0 | 0 | |a Kunst und Kunsttheorie 1400 - 1900 |b [Vorträge, gehalten anläßlich des 22. Wolfenbütteler Symposions ("Kunstgeschichte von Vasari bis Winckelmann") vom 1. bis 5. Dezember 1987 und des 24. Wolfenbütteler Symposions ("Kunstgeschichte seit Winckelmann") vom 27. November bis 1. Dezember 1988 in der Herzog-August-Bibliothek Wolfenbüttel] |c hrsg. von Peter Ganz ... |
| 264 | 1 | |a Wiesbaden |b Harrassowitz |c 1991 | |
| 300 | |a VIII, 462 Seiten |b Illustrationen |c 23 cm | ||
| 336 | |a Text |b txt |2 rdacontent | ||
| 337 | |a ohne Hilfsmittel zu benutzen |b n |2 rdamedia | ||
| 338 | |a Band |b nc |2 rdacarrier | ||
| 361 | 1 | |5 DE-32 |y 659745356 |s Ku A 4415 |o Vorbesitz |a Kunstsammlungen zu Weimar |0 (DE-588)2162571-2 |0 (DE-627)225635186 |0 (DE-576)196128587 |f Stempel |f Zugangsnummer K1993.805 | |
| 490 | 1 | |a Wolfenbütteler Forschungen |v 48 | |
| 500 | |a Beitr. teilw. dt., teilw. engl | ||
| 546 | |a Beitr. teilw. dt., teilw. engl., teilw. ital. | ||
| 583 | 1 | |a Archivierung/Langzeitarchivierung gewährleistet |f PENI |x XA-DE-NI |2 pdager |5 DE-35 | |
| 583 | 1 | |a Archivierung/Langzeitarchivierung gewährleistet |f SSG |x XA-DE-BW |2 pdager |5 DE-16 | |
| 583 | 1 | |a Archivierung/Langzeitarchivierung gewährleistet |f PEHE |2 pdager |5 DE-43 | |
| 648 | 7 | |a Geschichte 1400-1900 |2 gnd | |
| 650 | 0 | 7 | |0 (DE-588)4114333-4 |0 (DE-627)105822957 |0 (DE-576)209483733 |a Kunst |2 gnd |
| 650 | 0 | 7 | |0 (DE-588)4000626-8 |0 (DE-627)106400541 |0 (DE-576)208838821 |a Ästhetik |2 gnd |
| 650 | 0 | 7 | |0 (DE-588)4033643-8 |0 (DE-627)106256408 |0 (DE-576)209002948 |a Kunstgeschichtsschreibung |2 gnd |
| 650 | 0 | 7 | |0 (DE-588)4049450-0 |0 (DE-627)104117257 |0 (DE-576)209082151 |a Renaissance |2 gnd |
| 650 | 0 | 7 | |0 (DE-588)4120632-0 |0 (DE-627)105775118 |0 (DE-576)209536748 |a Kunstwissenschaft |2 gnd |
| 650 | 0 | 7 | |0 (DE-588)4004541-9 |0 (DE-627)106385380 |0 (DE-576)208856447 |a Barock |2 gnd |
| 650 | 4 | |a Kunstgeschichte, Kunsttheorie, Kunstkritik | |
| 653 | 0 | |a Art |a History |a Congresses | |
| 653 | 0 | |a Art |a Philosophy |a Congresses | |
| 655 | 7 | |a Konferenzschrift |y 1987 |z Wolfenbüttel |0 (DE-588)1071861417 |0 (DE-627)826484824 |0 (DE-576)433375485 |2 gnd-content | |
| 689 | 0 | 0 | |D s |0 (DE-588)4138803-3 |0 (DE-627)105639966 |0 (DE-576)209689137 |a Kunstgeschichte |g Fach |2 gnd |
| 689 | 0 | 1 | |A z |2 gnd |a Geschichte 1400-1900 |
| 689 | 0 | |5 DE-101 | |
| 689 | 1 | 0 | |D s |0 (DE-588)4114333-4 |0 (DE-627)105822957 |0 (DE-576)209483733 |a Kunst |2 gnd |
| 689 | 1 | 1 | |D s |0 (DE-588)4138803-3 |0 (DE-627)105639966 |0 (DE-576)209689137 |a Kunstgeschichte |g Fach |2 gnd |
| 689 | 1 | 2 | |A z |2 gnd |a Geschichte 1400-1900 |
| 689 | 1 | |5 (DE-627) | |
| 700 | 1 | |a Ganz, Peter F. |d 1920-2006 |0 (DE-588)105692999 |0 (DE-627)590332392 |0 (DE-576)161057934 |4 oth | |
| 710 | 2 | |a Herzog August Bibliothek |0 (DE-588)8989-8 |0 (DE-627)100266355 |0 (DE-576)190196823 |4 oth | |
| 711 | 2 | |a Wolfenbütteler Symposion |n 22 |d 1987; 24, 1988 |0 (DE-588)2114874-0 |0 (DE-627)101431163 |0 (DE-576)193652064 |4 oth | |
| 711 | 2 | 9 | |a Wolfenbütteler Symposion "Kunstgeschichte von Vasari bis Winckelmann" |n 22 |c Wolfenbüttel |d 1987.12.01-05 |
| 711 | 2 | 9 | |a Wolfenbütteler Symposium "Kunstgeschichte seit Winckelmann" |n 24 |c Wolfenbüttel |d 1988.11.27-12.01 |
| 787 | 0 | 8 | |i Rezensiert in |w (DE-603)347785271 |
| 830 | 0 | |a Wolfenbütteler Forschungen |v 48 |9 48 |w (DE-627)130237787 |w (DE-576)006522386 |w (DE-600)544034-8 |7 am | |
| 856 | 4 | 2 | |u https://swbplus.bsz-bw.de/bsz026768011inh.htm |m B:DE-576;DE-16 |q application/pdf |v 20090729090741 |x Verlag |3 Inhaltsverzeichnis |7 1 |
| 856 | 4 | 2 | |u http://scans.hebis.de/HEBCGI/show.pl?01855336_toc.pdf |m V:DE-603;B:DE-17 |q application/pdf |3 Inhaltsverzeichnis |7 1 |
| 912 | |a GBV_ILN_11 | ||
| 912 | |a ISIL_DE-1a | ||
| 912 | |a SYSFLAG_1 | ||
| 912 | |a GBV_KXP | ||
| 912 | |a GBV_ILN_20 | ||
| 912 | |a ISIL_DE-84 | ||
| 912 | |a GBV_ILN_21 | ||
| 912 | |a ISIL_DE-46 | ||
| 912 | |a GBV_ILN_22 | ||
| 912 | |a ISIL_DE-18 | ||
| 912 | |a GBV_ILN_22_i30809 | ||
| 912 | |a GBV_ILN_23 | ||
| 912 | |a ISIL_DE-830 | ||
| 912 | |a GBV_ILN_24 | ||
| 912 | |a ISIL_DE-8 | ||
| 912 | |a GBV_ILN_24_f044 | ||
| 912 | |a GBV_ILN_31 | ||
| 912 | |a ISIL_DE-27 | ||
| 912 | |a GBV_ILN_39 | ||
| 912 | |a ISIL_DE-547 | ||
| 912 | |a GBV_ILN_40 | ||
| 912 | |a ISIL_DE-7 | ||
| 912 | |a GBV_ILN_40_i055 | ||
| 912 | |a GBV_ILN_50 | ||
| 912 | |a ISIL_DE-23 | ||
| 912 | |a GBV_ILN_61 | ||
| 912 | |a ISIL_DE-32 | ||
| 912 | |a GBV_ILN_62 | ||
| 912 | |a ISIL_DE-28 | ||
| 912 | |a GBV_ILN_63 | ||
| 912 | |a ISIL_DE-Wim2 | ||
| 912 | |a GBV_ILN_65 | ||
| 912 | |a ISIL_DE-3 | ||
| 912 | |a GBV_ILN_65_a036 | ||
| 912 | |a GBV_ILN_65_a179 | ||
| 912 | |a GBV_ILN_66 | ||
| 912 | |a ISIL_DE-Ha125 | ||
| 912 | |a GBV_ILN_69 | ||
| 912 | |a ISIL_DE-9 | ||
| 912 | |a GBV_ILN_70 | ||
| 912 | |a ISIL_DE-89 | ||
| 912 | |a GBV_ILN_72 | ||
| 912 | |a ISIL_DE-35 | ||
| 912 | |a GBV_ILN_104 | ||
| 912 | |a ISIL_DE-68 | ||
| 912 | |a GBV_ILN_118 | ||
| 912 | |a ISIL_DE-Kt1 | ||
| 912 | |a GBV_ILN_121 | ||
| 912 | |a ISIL_DE-45 | ||
| 912 | |a GBV_ILN_123 | ||
| 912 | |a ISIL_DE-Ha33 | ||
| 912 | |a GBV_ILN_130 | ||
| 912 | |a ISIL_DE-700 | ||
| 912 | |a GBV_ILN_131 | ||
| 912 | |a ISIL_DE-Va1 | ||
| 912 | |a GBV_ILN_136 | ||
| 912 | |a ISIL_DE-Wis1 | ||
| 912 | |a GBV_ILN_176 | ||
| 912 | |a GBV_ILN_176_2 | ||
| 912 | |a GBV_ILN_181 | ||
| 912 | |a GBV_ILN_181_b010 | ||
| 912 | |a GBV_ILN_192 | ||
| 912 | |a ISIL_DE-111 | ||
| 912 | |a GBV_ILN_203 | ||
| 912 | |a GBV_ILN_203_m01304 | ||
| 912 | |a GBV_ILN_203_m02207 | ||
| 912 | |a GBV_ILN_227 | ||
| 912 | |a ISIL_DE-56 | ||
| 912 | |a GBV_ILN_285 | ||
| 912 | |a ISIL_DE-517 | ||
| 912 | |a GBV_ILN_288 | ||
| 912 | |a GBV_ILN_350 | ||
| 912 | |a ISIL_DE-2795 | ||
| 912 | |a GBV_ILN_350_ | ||
| 912 | |a GBV_ILN_702 | ||
| 912 | |a ISIL_DE-B2226 | ||
| 912 | |a GBV_ILN_788 | ||
| 912 | |a ISIL_DE-Hv122a | ||
| 912 | |a GBV_ILN_791 | ||
| 912 | |a ISIL_DE-Hil6 | ||
| 912 | |a GBV_ILN_813 | ||
| 912 | |a ISIL_DE-Mue73 | ||
| 912 | |a GBV_ILN_2001 | ||
| 912 | |a ISIL_DE-21 | ||
| 912 | |a GBV_ILN_2002 | ||
| 912 | |a ISIL_DE-21-108 | ||
| 912 | |a ISIL_DE-21-22 | ||
| 912 | |a GBV_ILN_2003 | ||
| 912 | |a ISIL_DE-25 | ||
| 912 | |a GBV_ILN_2004 | ||
| 912 | |a ISIL_DE-25-13 | ||
| 912 | |a GBV_ILN_2005 | ||
| 912 | |a ISIL_DE-291 | ||
| 912 | |a ISIL_DE-291-317 | ||
| 912 | |a GBV_ILN_2006 | ||
| 912 | |a ISIL_DE-14 | ||
| 912 | |a GBV_ILN_2007 | ||
| 912 | |a ISIL_DE-352 | ||
| 912 | |a GBV_ILN_2008 | ||
| 912 | |a ISIL_DE-24 | ||
| 912 | |a GBV_ILN_2009 | ||
| 912 | |a ISIL_DE-180 | ||
| 912 | |a GBV_ILN_2010 | ||
| 912 | |a ISIL_DE-15 | ||
| 912 | |a GBV_ILN_2011 | ||
| 912 | |a ISIL_DE-16 | ||
| 912 | |a GBV_ILN_2012 | ||
| 912 | |a ISIL_DE-16-31 | ||
| 912 | |a ISIL_DE-16-26 | ||
| 912 | |a GBV_ILN_2015 | ||
| 912 | |a ISIL_DE-93 | ||
| 912 | |a GBV_ILN_2018 | ||
| 912 | |a ISIL_DE-31 | ||
| 912 | |a GBV_ILN_2020 | ||
| 912 | |a ISIL_DE-Ch1 | ||
| 912 | |a GBV_ILN_2030 | ||
| 912 | |a ISIL_DE-77 | ||
| 912 | |a GBV_ILN_2031 | ||
| 912 | |a ISIL_DE-Lg1 | ||
| 912 | |a GBV_ILN_2043 | ||
| 912 | |a ISIL_DE-Mar1 | ||
| 912 | |a GBV_ILN_2046 | ||
| 912 | |a ISIL_DE-N1 | ||
| 912 | |a GBV_ILN_2061 | ||
| 912 | |a ISIL_DE-520 | ||
| 912 | |a GBV_ILN_2082 | ||
| 912 | |a ISIL_DE-D13 | ||
| 912 | |a GBV_ILN_2084 | ||
| 912 | |a ISIL_DE-Ka23 | ||
| 912 | |a GBV_ILN_2097 | ||
| 912 | |a ISIL_DE-L242 | ||
| 912 | |a GBV_ILN_2368 | ||
| 912 | |a ISIL_DE-Mh5 | ||
| 912 | |a GBV_ILN_2527 | ||
| 912 | |a ISIL_DE-125 | ||
| 912 | |a GBV_ILN_2566 | ||
| 912 | |a ISIL_DE-Bo412 | ||
| 935 | |a IHoeB | ||
| 935 | |i Blocktest | ||
| 936 | r | v | |a LH 62000 |b Allgemeines (Berufsfragen s. LH 61190) |k Kunstgeschichte |k Allgemeines. Allgemeine Kunstgeschichte |k Geschichte der Kunstwissenschaft |k Allgemeines (Berufsfragen s. LH 61190) |0 (DE-627)1271071983 |0 (DE-625)rvk/94235: |0 (DE-576)201071983 |
| 936 | r | v | |a LH 61020 |b Kunsttheorie und Geschichte der Kunsttheorie |k Kunstgeschichte |k Allgemeines. Allgemeine Kunstgeschichte |k Theorie und Praxis der Bildenden Kunst |k Theorie der Bildenden Kunst |k Kunsttheorie und Geschichte der Kunsttheorie |0 (DE-627)1270641891 |0 (DE-625)rvk/94201: |0 (DE-576)200641891 |
| 936 | r | v | |a AN 80960 |b Herzog August Bibliothek |k Allgemeines |k Buch- und Bibliothekswesen, Informationswissenschaft |k Bibliothekswesen |k Bibliothekswesen in einzelnen Ländern und einzelne Bibliotheken |k Einzelne deutsche Bibliotheken |k Bibliotheken W |k Wolfenbüttel |k Herzog August Bibliothek |0 (DE-627)1270639676 |0 (DE-625)rvk/6704: |0 (DE-576)200639676 |
| 936 | b | k | |a 20.06 |j Kunstphilosophie |j Kunsttheorie |0 (DE-627)10641433X |
| 936 | b | k | |a 20.01 |j Geschichte der Kunstwissenschaften |0 (DE-627)106406485 |
| 936 | b | k | |a 20.00 |j Kunstwissenschaften: Allgemeines |0 (DE-627)106406493 |
| 936 | s | n | |a a200 |2 mzub |
| 936 | s | n | |a l300 |2 mzub |
| 951 | |a BO | ||
| 953 | |2 045F |a 701 |u https://www.gbv.de/dms/ddc/701.pdf | ||
| 980 | |2 11 |1 01 |x 0001 |b 023775130 |c 00 |f 2 |d 1 A 118111 |e u |j --%%-- |y r |z 27-03-92 | ||
| 980 | |2 20 |1 01 |x 0084 |b 023789484 |c 00 |f --%%-- |d 2704-3037 |e --%%-- |j --%%-- |y n |z 21-10-92 | ||
| 980 | |2 20 |1 02 |x 0084 |b 560077793 |c 00 |f SC |d LE 3/10 |e i |j --%%-- |y riSC |z 02-07-02 | ||
| 980 | |2 21 |1 01 |x 0046 |b 165845880 |c 00 |f Magazin |d 02.s.0776 |e u |j --%%-- |h unc_201709 |y rza |z 27-09-17 | ||
| 980 | |2 22 |1 01 |x 0018 |b 078461413 |c 00 |f SUB |d X/17154: 48 |e u |j --%%-- |y zu |z 13-12-93 | ||
| 980 | |2 22 |1 02 |x 0018 |b 622107712 |c 00 |f 18/308 |d KGS-Aest 1163,30 |e i |j --%%-- |y zi30809 |z 12-11-03 | ||
| 980 | |2 23 |1 01 |x 0830 |b 162695039 |c 00 |f 27 |d 2719-7792 |e u |j --%%-- |y zu |z 13-12-93 | ||
| 980 | |2 24 |1 02 |x 0008 |b 095125191 |c 00 |f 10 kun 211e |d U 2219-48 |e u |j --%%-- |h fa |y zz1 |z 13-12-93 | ||
| 980 | |2 24 |1 03 |x 0008 |b 546638716 |c 00 |f 8/44 |d A-All 92/1991 |e i |j --%%-- |h fa |y zf044 |z 15-02-02 | ||
| 980 | |2 31 |1 02 |x 0027 |b 656270942 |c 00 |f J 21 |d KUN:BA:0100:b::1991 |e d |j --%%-- |y z |z 15-07-04 | ||
| 980 | |2 39 |1 01 |x 547/039 |b 1265166692 |c 00 |f FBG PMAG |d A 08457 (48) |e d |j --%%-- |c 05 |f --%%-- |d Forschungsbibliothek Gotha |e --%%-- |j --%%-- |y zgt5 |z 27-01-12 | ||
| 980 | |2 40 |1 01 |x 0007 |b 023789417 |c 00 |f --%%-- |d ZA 44212:48 |e u |j --%%-- |y xsn |z 14-03-02 | ||
| 980 | |2 40 |1 02 |x 0007 |b 946738165 |c 00 |f 7/055 |d E-G 2/400 |e i |j --%%-- |y zi055 |z 04-09-09 | ||
| 980 | |2 50 |1 01 |x 0023 |b 023789425 |c 00 |f --%%-- |d MZ 08.1 |e s |j --%%-- |c 09 |f --%%-- |d F8° 2597:48 |e --%%-- |j --%%-- |h HABBibl |k Bde 47 und 48 zusammengebunden |y k |z 10-12-91 | ||
| 980 | |2 50 |1 02 |x 0023 |b 023789433 |c 00 |f --%%-- |d F8° 2598:48 |e u |j --%%-- |y k |z 10-12-91 | ||
| 980 | |2 50 |1 03 |x 0023 |b 023789441 |c 00 |f --%%-- |d KA 00-5150:48 |e i |j --%%-- |c 09 |f --%%-- |d F8° 2995:48 |e --%%-- |j --%%-- |y k |z 10-12-91 | ||
| 980 | |2 50 |1 04 |x 0023 |b 02378945X |c 00 |f --%%-- |d F8° 3103:48 |e u |j --%%-- |y k |z 10-12-91 | ||
| 980 | |2 50 |1 05 |x 0023 |b 023789468 |c 00 |f Forschungsbereich |d F8° 3104:48 |e s |j --%%-- |c 01 |f --%%-- |d Forschungsbereich |e --%%-- |j --%%-- |y k |z 10-12-91 | ||
| 980 | |2 50 |1 06 |x 0023 |b 023789476 |c 00 |f Lektorat |d F8° 3105:48 |e s |j --%%-- |c 01 |f --%%-- |d Lektorat |e --%%-- |j --%%-- |y k |z 10-12-91 | ||
| 980 | |2 61 |1 01 |x 0032 |b 575847549 |c 00 |f MAG |d 125179 - A |e u |j --%%-- |h A35geprueft-20 |y r |z 25-10-02 | ||
| 980 | |2 61 |1 03 |x 0032 |b 659745356 |c 00 |f MAG |d Ku A 4415 |e u |j --%%-- |h A35geprueft-20 |y r |z 13-08-04 | ||
| 980 | |2 62 |1 01 |x 0028 |b 318404745 |c 00 |f 28/BB2 |d AV 80000 W855-48 |e b |j --%%-- |y ru |z 28-01-99 | ||
| 980 | |2 63 |1 01 |x 3401 |b 226044327 |c 00 |f A-0 |d Ik 1033/3 |e d |j --%%-- |c 09 |f --%%-- |d 105 285 |e --%%-- |j --%%-- |y n |z 15-03-93 | ||
| 980 | |2 63 |1 02 |x 3401 |b 226044335 |c 00 |f Mag |d 105 285/2 |e u |j --%%-- |c 09 |f --%%-- |d 105 285/2 |e --%%-- |j --%%-- |y n |z 15-03-93 | ||
| 980 | |2 65 |1 02 |x 3/18 |b 122578376 |c 00 |f Ha 18-RVK |d LH 61020 144 |e u |j --%%-- |c 08 |f --%%-- |d K Fg 460 |e --%%-- |j --%%-- |y ra036 |z 26-04-94 | ||
| 980 | |2 65 |1 03 |x 3/179 |b 271934328 |c 00 |f Ha 179-RVK |d LH 62000 102 |e u |j --%%-- |c 09 |f Ha 179 |d F G 232 |e --%%-- |j --%%-- |y za179 |z 14-04-98 | ||
| 980 | |2 66 |1 01 |x 3066 |b 38072541X |c 00 |f --%%-- |d HD 1.1 Kun |e u |j --%%-- |c 09 |f --%%-- |d A 13045 |e --%%-- |j --%%-- |y z |z 28-02-00 | ||
| 980 | |2 69 |1 01 |x 0009 |b 16472432X |c 00 |f UB 680 |d 680/LH 61020 G211 |e u |j --%%-- |y z |z 28-04-17 | ||
| 980 | |2 70 |1 01 |x 89/17 |b 108729060 |c 00 |f FBL |d VD/100/4510 |e u |j --%%-- |y zcl |z 09-02-94 | ||
| 980 | |2 72 |1 01 |x 0035 |b 104107189 |c 00 |f ZEN |d (ZA 1738 : 48) |e u |j --%%-- |y zz |z 28-07-93 | ||
| 980 | |2 104 |1 01 |x 0068 |b 216570727 |c 00 |f AUS |d ZA 804-48 |e u |j --%%-- |y z |z 16-10-96 | ||
| 980 | |2 118 |1 01 |x 3329 |b 314991697 |c 00 |f DE-MAG |d BKT 1053 |e u |j --%%-- |y z3 |z 17-10-98 | ||
| 980 | |2 121 |1 01 |x 0045 |b 4823100409 |c 00 |f --%%-- |d 92-0101 |e u |j --%%-- |h alma |y z |z 05-12-25 | ||
| 980 | |2 123 |1 01 |x 3311 |b 275332306 |c 00 |f --%%-- |d XW 010:48 |e i |j --%%-- |y r3 |z 04-03-98 | ||
| 980 | |2 130 |1 01 |x 0700 |b 729190692 |c 00 |f B-Freihand-Magazin |d 5039-751 4 |e u |j --%%-- |y kb |z 25-10-06 | ||
| 980 | |2 131 |1 01 |x 3131 |b 195893840 |c 00 |f Magazin |d 281684 |e u |j --%%-- |y z |z 02-09-96 | ||
| 980 | |2 136 |1 01 |x 3526 |b 340874783 |c 00 |f --%%-- |d 1999 A 1171 |e u |j --%%-- |y zwe |z 06-02-03 | ||
| 980 | |2 176 |1 01 |x 3703/2 |b 294420207 |c 00 |f Em |d 20.01.10.250 |e u |j --%%-- |y r2 |z 31-08-98 | ||
| 980 | |2 181 |1 01 |x 3181/010 |b 113138153X |c 00 |f KB |d 8 1993 3007 |e i |j --%%-- |c 10 |f --%%-- |d ::8:1993:3007: |e --%%-- |j --%%-- |y rb010 |z 24-03-10 | ||
| 980 | |2 192 |1 01 |x 0111/01 |b 337526982 |c 00 |f --%%-- |d ALW *92 : 1209 |e u |j --%%-- |y z |z 30-04-99 | ||
| 980 | |2 203 |1 01 |x 3522 |b 321104358 |c 00 |f H13 |d C2211/3-8 |e i |j --%%-- |y zm01304 |z 12-02-98 | ||
| 980 | |2 203 |1 02 |x 3522 |b 1534873600 |c 00 |f H22 |d MKGH B 212.5 |e i |j --%%-- |y zm02207 |z 13-04-15 | ||
| 980 | |2 227 |1 01 |x 0056 |b 160077478 |c 00 |f --%%-- |d I 115-431 |e u |j --%%-- |y x |z 24-10-92 | ||
| 980 | |2 285 |1 01 |x 0517 |b 792653653 |c 00 |f 4600 |d LH 61020 KUN |e u |j --%%-- |y n |z 24-02-00 | ||
| 980 | |2 288 |1 01 |x 3288 |b 541902539 |h ibk1991 |u gvk |y xi |z 31-12-99 | ||
| 980 | |2 350 |1 01 |x 8293 |b 838383076 |c 00 |f MAG1 |d Ad 65 -48 |e i |j --%%-- |y z |z 04-10-07 | ||
| 980 | |2 702 |1 01 |x 3714/0001 |b 163529410X |c 00 |f --%%-- |d 701 K965 |e i |j --%%-- |y nk |z 30-08-16 | ||
| 980 | |2 788 |1 01 |x 4788 |b 4363437626 |c 00 |f LG |d A T.0 52 |e g |j --%%-- |y z |z 07-08-23 | ||
| 980 | |2 791 |1 01 |x 3791 |b 895562677 |c 00 |f LS |d KS 02-151 |e b |j --%%-- |c 01 |f Magazin |d 1 E e 07622 |e u |j --%%-- |y n |z 30-11-05 | ||
| 980 | |2 813 |1 01 |x 4813 |b 4390663348 |c 00 |f DMAG |d SLG 20964 |e u |j --%%-- |y ndbm |z 05-10-23 | ||
| 980 | |2 2001 |1 01 |x DE-21 |b 3097410031 |c 00 |f --%%-- |d 31 A 23413 |e --%%-- |j --%%-- |y l01 |z 12-02-92 | ||
| 980 | |2 2002 |1 01 |x DE-21-108 |b 3097410104 |c 00 |f --%%-- |d Allg P 14/Kun 4 |e p |j l |y l01 |z 16-07-96 | ||
| 980 | |2 2002 |1 02 |x DE-21-22 |b 3097410112 |c 00 |f --%%-- |d QF 10 a / 65 |e p |j --%%-- |y l01 |z 26-10-04 | ||
| 980 | |2 2003 |1 01 |x DE-25 |b 3097410236 |c 00 |f --%%-- |d GE 91/13921 |e --%%-- |j --%%-- |k at-28 |y l01 |z 14-02-92 | ||
| 980 | |2 2004 |1 01 |x DE-25-13 |b 3097410317 |c 00 |f --%%-- |d Frei 13: W-A-2-2 |e p |j --%%-- |y l01 |z 15-01-93 | ||
| 980 | |2 2005 |1 01 |x DE-291 |b 3097410384 |c 00 |f --%%-- |d 93-6415 |e --%%-- |j --%%-- |y l01 |z 30-01-99 | ||
| 980 | |2 2005 |1 02 |x DE-291-317 |b 3097410392 |c 00 |f --%%-- |d --%%-- |e p |j --%%-- |y l01 |z 06-08-01 | ||
| 980 | |2 2006 |1 01 |x DE-14 |b 3097410538 |c 00 |f --%%-- |d 93 8 07215 |e --%%-- |j --%%-- |k LSTO: 02 |y l01 |z 22-03-93 | ||
| 980 | |2 2006 |1 02 |x DE-14 |b 3097410546 |c 00 |f --%%-- |d --%%-- |e --%%-- |j --%%-- |y l02 |z 24-02-00 | ||
| 980 | |2 2007 |1 01 |x DE-352 |b 3097410619 |c 00 |f --%%-- |d kun 5:f/k96 |e --%%-- |j --%%-- |y l01 |z 18-12-91 | ||
| 980 | |2 2008 |1 01 |x DE-24 |b 309741066X |c 00 |f --%%-- |d 42/1241 |e --%%-- |j --%%-- |c 01 |f Magazin 9 |d LH 62000 42/1241 |e --%%-- |j --%%-- |y l01 |z 02-03-92 | ||
| 980 | |2 2008 |1 02 |x DE-24 |b 4468236760 |c 00 |f --%%-- |d --%%-- |e p |j n |c 01 |f Hölderlin-Archiv |d --%%-- |e --%%-- |j --%%-- |k *** Kein Bestand vorhanden, Inhalte teilweise ausgewertet |y l01 |z 24-01-24 | ||
| 980 | |2 2009 |1 01 |x DE-180 |b 3097410724 |c 00 |f MAG09 |d 91 B 0443 |e --%%-- |j l |y l02 |z 03-04-16 | ||
| 980 | |2 2010 |1 01 |x DE-15 |b 3097410864 |c 00 |f --%%-- |d --%%-- |e --%%-- |j --%%-- |y l01 |z 05-05-92 | ||
| 980 | |2 2011 |1 01 |x DE-16 |b 3097410961 |c 00 |f --%%-- |d 92 A 12566 |e --%%-- |j --%%-- |y l01 |z 10-12-92 | ||
| 980 | |2 2012 |1 01 |x DE-16-31 |b 3097411046 |c 00 |f --%%-- |d Ba 155 |e p |j --%%-- |y l01 |z 21-08-97 | ||
| 980 | |2 2012 |1 03 |x DE-16-26 |b 3097411070 |c 00 |f --%%-- |d Äs 160 |e p |j --%%-- |y l01 |z 15-12-97 | ||
| 980 | |2 2015 |1 01 |x DE-93 |b 3097411186 |c 00 |f --%%-- |d 3G 3897-48 |e --%%-- |j --%%-- |y l01 |z 15-06-92 | ||
| 980 | |2 2018 |1 01 |x DE-31 |b 3097411259 |c 00 |f --%%-- |d 92 A 4307 |e --%%-- |j --%%-- |k 17.6.92/f |y l01 |z 17-06-92 | ||
| 980 | |2 2020 |1 01 |x DE-Ch1 |b 3097411364 |c 00 |f --%%-- |d --%%-- |e --%%-- |j --%%-- |y l01 |z 30-04-15 | ||
| 980 | |2 2030 |1 01 |x DE-77 |b 4883414981 |c 00 |f --%%-- |d 185.261 |e --%%-- |j l |y l01 |z 27-03-96 | ||
| 980 | |2 2031 |1 01 |x DE-Lg1 |b 3097411437 |c 00 |f --%%-- |d Kun 2aa Kun |e --%%-- |j --%%-- |y l01 |z 06-08-98 | ||
| 980 | |2 2043 |1 01 |x DE-Mar1 |b 3097411518 |c 00 |f --%%-- |d S14.2 |e l |j --%%-- |y l01 |z 30-06-16 | ||
| 980 | |2 2046 |1 01 |x DE-N1 |b 3744650537 |c 00 |f --%%-- |d --%%-- |e p |j --%%-- |y l01 |z 31-08-20 | ||
| 980 | |2 2061 |1 01 |x DE-520 |b 3097411569 |c 00 |f --%%-- |d LH 61020-94 4895 01 |e --%%-- |j --%%-- |y l01 |z 08-11-94 | ||
| 980 | |2 2082 |1 01 |x DE-D13 |b 3097411631 |c 00 |f --%%-- |d --%%-- |e p |j --%%-- |y l01 |z 27-11-03 | ||
| 980 | |2 2084 |1 01 |x DE-Ka23 |b 3491807514 |c 00 |f --%%-- |d 1.3: A, 033 |e --%%-- |j l |y l01 |z 08-07-19 | ||
| 980 | |2 2097 |1 01 |x DE-L242 |b 3097411828 |c 00 |f --%%-- |d --%%-- |e --%%-- |j n |y l01 |z 15-10-98 | ||
| 980 | |2 2368 |1 01 |x DE-Mh5 |b 309741200X |c 00 |f Kompaktus |d Rb Kuns |e p |j --%%-- |y l01 |z 13-05-11 | ||
| 980 | |2 2527 |1 01 |x DE-125 |b 3097412093 |c 00 |f --%%-- |d ZK/8°/526 - 48 |e --%%-- |j --%%-- |y l01 |z 06-11-18 | ||
| 980 | |2 2566 |1 01 |x DE-Bo412 |b 4633853120 |c 00 |f --%%-- |d Kb 000 Kunstu 1991/1 |e --%%-- |j --%%-- |y l01 |z 09-12-24 | ||
| 982 | |2 22 |1 02 |x 0018 |8 00 |a Kunsttheorie - allg. | ||
| 982 | |2 22 |1 02 |x 0018 |8 01 |a Kunstgeschichte, Geschichte der | ||
| 982 | |2 22 |1 02 |x 0018 |8 02 |a Kunstwissenschaft | ||
| 982 | |2 31 |1 00 |x DE-27 |8 00 |a Kunst / Ästhetik / Geschichte 1400 - 1900 / Aufsatzsammlung | ||
| 982 | |2 61 |1 00 |x DE-32 |8 00 |a Kunst / bildende / Theorie | ||
| 982 | |2 61 |1 00 |x DE-32 |8 01 |a Kunst / bildende / Gesellschaft | ||
| 982 | |2 61 |1 00 |x DE-32 |8 02 |a Wolfenbüttel / Tagung / Kunst | ||
| 982 | |2 66 |1 00 |x DE-Ha125 |8 00 |a Bildende Kunst / Kunstwissenschaft | ||
| 982 | |2 66 |1 00 |x DE-Ha125 |8 01 |a Kunstwissenschaft / Bildwissenschaft | ||
| 982 | |2 66 |1 00 |x DE-Ha125 |8 02 |a Kunsttheorie / Medientheorie | ||
| 982 | |2 66 |1 00 |x DE-Ha125 |8 03 |a Theorie und Geschichte des Bildes | ||
| 982 | |2 118 |1 00 |x DE-Kt1 |8 00 |a Kunsttheorie | ||
| 982 | |2 118 |1 00 |x DE-Kt1 |8 01 |a Kunstphilosophie | ||
| 982 | |2 136 |1 00 |x DE-Wis1 |8 00 |a Kunst | ||
| 982 | |2 136 |1 00 |x DE-Wis1 |8 01 |a Kunsttheorie | ||
| 982 | |2 136 |1 00 |x DE-Wis1 |8 02 |a Kunstphilosophie | ||
| 982 | |2 136 |1 00 |x DE-Wis1 |8 03 |a Kongress | ||
| 982 | |2 176 |1 00 |x 3703 |8 51 |a Kunst | ||
| 982 | |2 176 |1 00 |x 3703 |8 52 |a Theoriee͏̈n | ||
| 982 | |2 176 |1 00 |x 3703 |8 53 |a Kunstgeschiedenis (wetenschap) | ||
| 982 | |2 176 |1 00 |x 3703 |8 54 |a Kunsttheorie | ||
| 982 | |2 176 |1 00 |x 3703 |8 60 |a Congressen (vorm) | ||
| 982 | |2 791 |1 00 |x DE-Hil6 |8 00 |a Kunstgeschichte <Fach> / Kunsttheorie / Geschichte 1400 - 1900 / Aufsatzsammlung | ||
| 982 | |2 791 |1 00 |x DE-Hil6 |8 01 |a Kunsttheorie / Kunstgeschichte <Fach> / Geschichte 1400 - 1900 / Aufsatzsammlung | ||
| 982 | |2 813 |1 00 |x DE-Mue73 |8 00 |a Kunst / Ästhetik / Geschichte 1400-1900 / Aufsatzsammlung | ||
| 982 | |2 2008 |1 02 |x DE-24 |8 00 |s s |0 (DE-627)1891649124 |a Sammelwerke | ||
| 982 | |2 2527 |1 01 |x DE-125 |8 00 |s s |a Kunst / Geschichte 1400-1900 / Kongress / Wolfenbüttel <1987/88> | ||
| 982 | |2 2527 |1 01 |x DE-125 |8 00 |s s |a Ästhetik / Geschichte 1400-1900 / Kongress / Wolfenbüttel <1987/88> | ||
| 982 | |2 2527 |1 01 |x DE-125 |8 00 |s s |a Kongress | ||
| 982 | |2 2566 |1 01 |x DE-Bo412 |8 00 |s s |a Kunsttheorie. Geschichte | ||
| 982 | |2 2566 |1 01 |x DE-Bo412 |8 00 |s s |a Kunstgeschichte. Geschichte | ||
| 982 | |2 2566 |1 01 |x DE-Bo412 |8 00 |s s |a Kunstwissenschaft | ||
| 982 | |2 2566 |1 01 |x DE-Bo412 |8 00 |s s |a Kunstwissenschaft. Geschichte | ||
| 982 | |2 2566 |1 01 |x DE-Bo412 |8 00 |s s |a Kunsttheorie | ||
| 982 | |2 2566 |1 01 |x DE-Bo412 |8 00 |s g |a Wolfenbüttel | ||
| 982 | |2 2566 |1 01 |x DE-Bo412 |8 00 |s f |a Kongress | ||
| 983 | |2 11 |1 00 |x DE-1a |8 00 |0 (DE-627)287469972 |a Kun C 54 | ||
| 983 | |2 11 |1 00 |x DE-1a |8 01 |0 (DE-627)287857115 |a Kun A 154 | ||
| 983 | |2 20 |1 00 |x DE-84 |8 00 |a 7.01 | ||
| 983 | |2 21 |1 00 |x DE-46 |8 30 |a kun 041 | ||
| 983 | |2 21 |1 00 |x DE-46 |8 99 |a 67 | ||
| 983 | |2 22 |1 01 |x 0018 |8 00 |a 82:F33 | ||
| 983 | |2 24 |1 02 |x 0008 |8 50 |0 (DE-627)057986665 |a kun 211e |b Kunsttheorie |b Geschichte | ||
| 983 | |2 39 |1 00 |x DE-547 |8 01 |a LH 62000 | ||
| 983 | |2 39 |1 00 |x DE-547 |8 02 |a LH 61020 | ||
| 983 | |2 50 |1 00 |x DE-23 |8 00 |a BE-420 Wissenschaftl. Veranstaltungen | ||
| 983 | |2 63 |1 00 |x DE-Wim2 |8 00 |a Ik 1033 | ||
| 983 | |2 63 |1 00 |x DE-Wim2 |8 01 |a If 4033 | ||
| 983 | |2 118 |1 00 |x DE-Kt1 |8 00 |a BKT | ||
| 983 | |2 130 |1 01 |x 0700 |8 00 |a JXK | ||
| 983 | |2 130 |1 01 |x 0700 |8 01 |a JXX | ||
| 983 | |2 131 |1 00 |x DE-Va1 |8 00 |a KBH | ||
| 983 | |2 131 |1 00 |x DE-Va1 |8 01 |a JWF | ||
| 983 | |2 136 |1 00 |x DE-Wis1 |8 00 |a Ya:A | ||
| 983 | |2 136 |1 00 |x DE-Wis1 |8 01 |a Ta:B6 | ||
| 983 | |2 136 |1 00 |x DE-Wis1 |8 02 |a Ya:Tagg. | ||
| 983 | |2 176 |1 00 |x 3703 |8 30 |a $20.01 geschiedenis van de kunstwetenschappen | ||
| 983 | |2 285 |1 00 |x DE-517 |8 00 |a LH 61020 | ||
| 983 | |2 288 |1 01 |x 3288 |8 00 |0 (DE-627)302639802 |a 1.2.2 |b Textsammlungen und allgemeine Schriften. Allgemeine Schriften. Sammelbände eines Verfassers oder mehrerer Verfasser, Festschriften | ||
| 983 | |2 702 |1 01 |x 3714/0001 |8 00 |a 701 | ||
| 983 | |2 2008 |1 02 |x DE-24 |8 00 |0 (DE-627)1891615203 |a YS |b Sammelwerke | ||
| 983 | |2 2015 |1 01 |x DE-93 |8 00 |0 (DE-627)1289524068 |a DK:72/76.01 | ||
| 983 | |2 2031 |1 01 |x DE-Lg1 |8 00 |0 (DE-627)1296978923 |a Kun 2aa Kun | ||
| 983 | |2 2061 |1 01 |x DE-520 |8 00 |0 (DE-627)1291962573 |a LH 61020 | ||
| 983 | |2 2082 |1 01 |x DE-D13 |8 00 |0 (DE-627)1300791748 |a KB 500 Wolfenbüttel | ||
| 983 | |2 2082 |1 01 |x DE-D13 |8 01 |0 (DE-627)1300321474 |a KC 500 Kunstwissenschaft und Kunstwissenschaftler, Kunstvereine | ||
| 984 | |2 11 |1 01 |x 0001 |a 111373893010 | ||
| 984 | |2 20 |1 01 |x 0084 |a 84$027043037 | ||
| 984 | |2 21 |1 01 |x 0046 |a 46$0007261101 | ||
| 984 | |2 22 |1 01 |x 0018 |a 911075643 | ||
| 984 | |2 22 |1 02 |x 0018 |a 087591406 | ||
| 984 | |2 23 |1 01 |x 0830 |a 830$27197792 | ||
| 984 | |2 24 |1 02 |x 0008 |a 8$0009828672 | ||
| 984 | |2 31 |1 02 |x 0027 |a 027$013149385 | ||
| 984 | |2 39 |1 01 |x 547/039 |a 547$014503158 | ||
| 984 | |2 40 |1 01 |x 0007 |a 7$108140253 | ||
| 984 | |2 50 |1 02 |x 0023 |a 23$10957650 | ||
| 984 | |2 50 |1 03 |x 0023 |a 23$12196940 | ||
| 984 | |2 50 |1 04 |x 0023 |a 23$13685988 | ||
| 984 | |2 61 |1 01 |x 0032 |a 32$01689347 | ||
| 984 | |2 61 |1 03 |x 0032 |a 32$02444771 | ||
| 984 | |2 62 |1 01 |x 0028 |a 28$007833741 | ||
| 984 | |2 63 |1 01 |x 3401 |a WIM2$000110906 | ||
| 984 | |2 63 |1 02 |x 3401 |a WIM2$00075191X | ||
| 984 | |2 65 |1 02 |x 3/18 |a 3/18$001682636 | ||
| 984 | |2 65 |1 03 |x 3/179 |a 3/179$00015229 | ||
| 984 | |2 66 |1 01 |x 3066 |a HA125$00432954 | ||
| 984 | |2 69 |1 01 |x 0009 |a 9$00008842 | ||
| 984 | |2 70 |1 01 |x 89/17 |a 35/01$00243221 | ||
| 984 | |2 72 |1 01 |x 0035 |a 35$031277292 | ||
| 984 | |2 118 |1 01 |x 3329 |a KT1$300090307 | ||
| 984 | |2 121 |1 01 |x 0045 |a 45$501298789 | ||
| 984 | |2 130 |1 01 |x 0700 |a 700$50397514 | ||
| 984 | |2 131 |1 01 |x 3131 |a VA1$02816849 | ||
| 984 | |2 136 |1 01 |x 3526 |a WIS1$1178644 | ||
| 984 | |2 176 |1 01 |x 3703/2 |a EM2$00211451 |x 00 | ||
| 984 | |2 227 |1 01 |x 0056 |a 56$000964845 | ||
| 984 | |2 285 |1 01 |x 0517 |a 99017581 | ||
| 984 | |2 350 |1 01 |x 8293 |a 8293000650050 | ||
| 984 | |2 702 |1 01 |x 3714/0001 |a 3714033865 | ||
| 984 | |2 813 |1 01 |x 4813 |a 0000809492 | ||
| 984 | |2 2043 |1 01 |x DE-Mar1 |a AU00405907X | ||
| 985 | |2 21 |1 01 |x 0046 |a wk 5301 | ||
| 985 | |2 22 |1 02 |x 0018 |a 1154/1991 | ||
| 985 | |2 24 |1 03 |x 0008 |a 1992/25006 | ||
| 985 | |2 31 |1 02 |x 0027 |a C 51161 | ||
| 985 | |2 39 |1 01 |x 547/039 |a 39-A 08457 (48) | ||
| 985 | |2 39 |1 01 |x 547/039 |a 2011014422 | ||
| 985 | |2 40 |1 02 |x 0007 |a 35958/1992 | ||
| 985 | |2 50 |1 01 |x 0023 |a F8° 2597:48 | ||
| 985 | |2 50 |1 02 |x 0023 |a F8° 2598:48 | ||
| 985 | |2 50 |1 03 |x 0023 |a F8° 2995:48 | ||
| 985 | |2 50 |1 04 |x 0023 |a F8° 3103:48 | ||
| 985 | |2 50 |1 05 |x 0023 |a F8° 3104:48 | ||
| 985 | |2 50 |1 06 |x 0023 |a F8° 3105:48 | ||
| 985 | |2 61 |1 03 |x 0032 |a K1993.805 | ||
| 985 | |2 62 |1 01 |x 0028 |a SA 16 (48) | ||
| 985 | |2 65 |1 02 |x 3/18 |a 36/93/411 | ||
| 985 | |2 65 |1 03 |x 3/179 |a 98/ 573 | ||
| 985 | |2 66 |1 01 |x 3066 |a T 2000/87 | ||
| 985 | |2 69 |1 01 |x 0009 |a 92.2300 | ||
| 985 | |2 70 |1 01 |x 89/17 |a FBL AB 4510 | ||
| 985 | |2 72 |1 01 |x 0035 |a P ZA 1738 | ||
| 985 | |2 123 |1 01 |x 3311 |a 3.553/48 | ||
| 985 | |2 176 |1 01 |x 3703/2 |a 1997:0806 (38) | ||
| 985 | |2 181 |1 01 |x 3181/010 |a 8/1993/3007 | ||
| 985 | |2 192 |1 01 |x 0111/01 |a 92W1209 | ||
| 985 | |2 203 |1 01 |x 3522 |a 1992.264k | ||
| 985 | |2 203 |1 02 |x 3522 |a 2015.0651 | ||
| 985 | |2 227 |1 01 |x 0056 |a F 91.1090 | ||
| 985 | |2 285 |1 01 |x 0517 |a 99017581 | ||
| 985 | |2 350 |1 01 |x 8293 |a 1991/1753 | ||
| 985 | |2 702 |1 01 |x 3714/0001 |a 01-2348 | ||
| 985 | |2 788 |1 01 |x 4788 |a B 13218 | ||
| 985 | |2 791 |1 01 |x 3791 |a 92.1002K | ||
| 985 | |2 813 |1 01 |x 4813 |a 11:10531 | ||
| 985 | |2 2002 |1 01 |x DE-21-108 |a 7673/91 | ||
| 985 | |2 2002 |1 02 |x DE-21-22 |a 92/303 | ||
| 985 | |2 2043 |1 01 |x DE-Mar1 |a 201000104 | ||
| 985 | |2 2368 |1 01 |x DE-Mh5 |a 94.0350 | ||
| 985 | |2 2527 |1 01 |x DE-125 |a 1997/458 | ||
| 985 | |2 2566 |1 01 |x DE-Bo412 |a 92-3119 | ||
| 995 | |2 21 |1 01 |x 0046 |a unc_201709 | ||
| 995 | |2 21 |1 01 |x 0046 |a kk | ||
| 995 | |2 21 |1 01 |x 0046 |a Aufsätze | ||
| 995 | |2 24 |1 02 |x 0008 |a fa | ||
| 995 | |2 24 |1 03 |x 0008 |a fa | ||
| 995 | |2 50 |1 01 |x 0023 |a HABBibl | ||
| 995 | |2 61 |1 01 |x 0032 |a A35geprueft-20 | ||
| 995 | |2 61 |1 03 |x 0032 |a A35geprueft-20 | ||
| 995 | |2 121 |1 01 |x 0045 |a alma | ||
| 995 | |2 288 |1 01 |x 3288 |a ibk1991 | ||